| 000 | 00540nam a22001817a 4500 | ||
|---|---|---|---|
| 005 | 20240314110741.0 | ||
| 008 | 240314b |||||||| |||| 00| 0 eng d | ||
| 020 | _a9789698486105 | ||
| 082 |
_a616.07 _bNAG-B |
||
| 100 | _aNagi.A.H | ||
| 245 |
_aBasics of Pathology and Disease : _bCore General pathology microbiology and immunology / _cA.H Nagi |
||
| 250 | _a1st ed. | ||
| 260 |
_aPakistan: _bAllied book company; _c2012 |
||
| 300 |
_a611p. : _bill : _c27 cm. |
||
| 500 | _aInclude index . | ||
| 650 | _aMedical / Pathology | ||
| 999 |
_c35369 _d35369 |
||